Laxton`s building price book 1985 (Record no. 97889)

MARC details
000 -LEADER
fixed length control field 00487cam a2200193 4500
001 - CONTROL NUMBER
control field D6580
008 - FIXED-LENGTH DATA ELEMENTS--GENERAL INFORMATION
fixed length control field 090401t1984 xxu||||| |||| 00| 0 eng d
035 ## - SYSTEM CONTROL NUMBER
System control number (Sirsi) u94064
041 ## - LANGUAGE CODE
Language code of text/sound track or separate title eng
050 ## - LIBRARY OF CONGRESS CALL NUMBER
Classification number 692.5
110 ## - MAIN ENTRY--CORPORATE NAME
Corporate name or jurisdiction name as entry element V B Johnson and Partners
245 ## - TITLE STATEMENT
Title Laxton`s building price book 1985
250 ## - EDITION STATEMENT
Edition statement 157th
260 ## - PUBLICATION, DISTRIBUTION, ETC.
Place of publication, distribution, etc. East Grinstead, West Sussex
Name of publisher, distributor, etc. Thomas Skinner Directories
Date of publication, distribution, etc. 1984
300 ## - PHYSICAL DESCRIPTION
Extent xxxvi. 855p. 21cm
350 ## - PRICE (NR) (BK AM CF MU VM SE) [OBSOLETE]
Price 0
942 ## - ADDED ENTRY ELEMENTS (KOHA)
Suppress in OPAC 0
948 ## - LOCAL PROCESSING INFORMATION (OCLC); SERIES PART DESIGNATOR (RLIN)
c (OCLC) 04/03/1997
Holdings
Withdrawn status Lost status Source of classification or shelving scheme Damaged status Not for loan Home library Current library Shelving location Date acquired Total Checkouts Full call number Barcode Date last seen Copy number Price effective from Koha item type
    Other/Generic Classification Scheme     London London Basement 19/03/2001   BASEMENT 94064-1001 06/08/2019 1 06/08/2019 Reference material